<?xml version="1.0" encoding="UTF-8"?>
<record
    xmlns:xsi="http://www.w3.org/2001/XMLSchema-instance"
    xsi:schemaLocation="http://www.loc.gov/MARC21/slim http://www.loc.gov/standards/marcxml/schema/MARC21slim.xsd"
    xmlns="http://www.loc.gov/MARC21/slim">

  <leader>02441nab a2200289 ab4500</leader>
  <controlfield tag="005">20260429115543.0</controlfield>
  <controlfield tag="008">251016c2025    sp tr p#o#   #00|   eng d</controlfield>
  <controlfield tag="003"></controlfield>
  <datafield tag="040" ind1=" " ind2=" ">
    <subfield code="a">MX-MxUPN</subfield>
    <subfield code="b">spa</subfield>
    <subfield code="c">MX-MxUPN</subfield>
    <subfield code="e">aacr2</subfield>
  </datafield>
  <datafield tag="100" ind1="1" ind2=" ">
    <subfield code="a">Barroso Osuna, Julio</subfield>
    <subfield code="9">35242</subfield>
  </datafield>
  <datafield tag="100" ind1="1" ind2=" ">
    <subfield code="a">Le&#xF3;n-Garrido. Antonio </subfield>
    <subfield code="9">56665</subfield>
  </datafield>
  <datafield tag="100" ind1="1" ind2=" ">
    <subfield code="a">Llorente Cejudo, Mar&#xED;a del Carmen</subfield>
    <subfield code="9">35998</subfield>
  </datafield>
  <datafield tag="100" ind1="1" ind2=" ">
    <subfield code="a">Ruiz Palermo, Julio</subfield>
    <subfield code="9">59440</subfield>
  </datafield>
  <datafield tag="245" ind1="1" ind2="0">
    <subfield code="a">El impacto de las apps m&#xF3;viles y la carga del trabajo en la Educaci&#xF3;n Musical universitaria :</subfield>
    <subfield code="b">un estudio experimental</subfield>
    <subfield code="h">[recurso electr&#xF3;nico en l&#xED;nea]</subfield>
  </datafield>
  <datafield tag="506" ind1="0" ind2=" ">
    <subfield code="a">Acceso abierto</subfield>
  </datafield>
  <datafield tag="520" ind1="3" ind2=" ">
    <subfield code="a">Las aplicaciones m&#xF3;viles est&#xE1;n desempe&#xF1;ando un papel sustancial en los procesos de ense&#xF1;anza y aprendizaje, facilitando de esta forma la labor docente. Por estos motivos, este estudio busca evaluar el impacto de la ense&#xF1;anza virtual mediante apps en el &#xE1;mbito de Educaci&#xF3;n Musical, con el objetivo de mejorar el aprendizaje y analizar la carga de trabajo que poseen estas herramientas mediante el instrumento de la NASA-TLX. Participaron 234 estudiantes del Grado universitario de Educaci&#xF3;n Primaria, de los cuales se dividieron en dos grupos: control y experimental. Ambos fueron sometidos a pruebas antes y despu&#xE9;s de la intervenci&#xF3;n. Los resultados evidenciaron que aquellos que utilizaron las apps mostraron un rendimiento acad&#xE9;mico superior, con una media de 0,7863. Adem&#xE1;s, experimentaron una carga de trabajo inferior con una media de 4,4430 en comparaci&#xF3;n con aquellos que no las utilizaron, cuyas medias fueron 0,5800 en el rendimiento acad&#xE9;mico y 4,4873 en la carga de trabajo. Estos hallazgos respaldan la idea de que las apps enriquecen el aprendizaje virtual, fomentando la autonom&#xED;a y la personalizaci&#xF3;n de la ense&#xF1;anza en el &#xE1;mbito universitario. En otras palabras, estas herramientas ayudan a potenciar la calidad y la eficacia de la Educaci&#xF3;n Musical, mejorando las experiencias de los estudiantes. </subfield>
    <subfield code="c"> RED</subfield>
  </datafield>
  <datafield tag="650" ind1=" " ind2="4">
    <subfield code="a">Tecnolog&#xED;a educativa</subfield>
    <subfield code="9">4978</subfield>
  </datafield>
  <datafield tag="653" ind1=" " ind2=" ">
    <subfield code="a">Educaci&#xF3;n musical</subfield>
  </datafield>
  <datafield tag="653" ind1=" " ind2=" ">
    <subfield code="a">Aplicaciones m&#xF3;viles</subfield>
  </datafield>
  <datafield tag="650" ind1=" " ind2="4">
    <subfield code="a">Rendimiento acad&#xE9;mico</subfield>
    <subfield code="9">3961</subfield>
  </datafield>
  <datafield tag="653" ind1=" " ind2="4">
    <subfield code="a">Aprendizaje virtual</subfield>
  </datafield>
  <datafield tag="773" ind1=" " ind2=" ">
    <subfield code="g">Vol. 24, no. 80 (2024), p. 1-17</subfield>
    <subfield code="t">RED : Revista de educaci&#xF3;n a distancia</subfield>
    <subfield code="x">1578-7680</subfield>
  </datafield>
  <datafield tag="856" ind1="4" ind2=" ">
    <subfield code="u">https://revistas.um.es/red/article/view/602301</subfield>
  </datafield>
  <datafield tag="856" ind1="4" ind2=" ">
    <subfield code="u">https://revistas.um.es/red/article/view/602301/363061</subfield>
  </datafield>
  <datafield tag="902" ind1=" " ind2=" ">
    <subfield code="a">Leonor Sotres/290426</subfield>
  </datafield>
  <datafield tag="942" ind1=" " ind2=" ">
    <subfield code="c">ART-E</subfield>
  </datafield>
  <datafield tag="952" ind1=" " ind2=" ">
    <subfield code="0">0</subfield>
    <subfield code="1">0</subfield>
    <subfield code="4">0</subfield>
    <subfield code="7">0</subfield>
    <subfield code="8">CAA</subfield>
    <subfield code="a">BCUPN50</subfield>
    <subfield code="b">BCUPN50</subfield>
    <subfield code="c">ENL</subfield>
    <subfield code="d">2026-04-29</subfield>
    <subfield code="l">0</subfield>
    <subfield code="r">2026-04-29 11:56:03</subfield>
    <subfield code="u">https://revistas.um.es/red/article/view/602301/363061</subfield>
    <subfield code="w">2026-04-29</subfield>
    <subfield code="y">ART-E</subfield>
  </datafield>
  <datafield tag="999" ind1=" " ind2=" ">
    <subfield code="c">215036</subfield>
    <subfield code="d">215036</subfield>
  </datafield>
</record>
